• 首页
  • 本馆介绍
  • 公告通知
  • 最新文献
  • 馆藏检索
  • 电子资源
  • 读者导购
  • 参考咨询
  • 我的图书馆
  • 登录
  • 详细信息显示
  • 放入我的书架
  • 预约/预借图书
  • 作者相关作品
  • 分类相关作品
  • 丛书相关作品
  • 出版社相关作品

书目信息

  • 表格格式
  • 工作单格式
  • 卡片格式
题名:
中国兰花名品榜
    
 
作者: ;中国花卉协会 , 云南科技出版社 编
分册:  
出版信息: 昆明   云南科技出版社  2003.3
页数: 135页
开本: 29cm
丛书名:
单 册:
中图分类: S682.31
科图分类:
主题词: 兰科--中国--摄影集 , 兰科
电子资源:
ISBN: 7-5416-1775-X
000 01150nam0 22002651 45
001 1354551999
005 20130510093537.79
010    @a7-5416-1775-X@b精装@dCNY88.00
100    @a20130108d2003 em y0chiy50 ea
101 0  @achi
102    @aCN@b530000
105    @aa z 000yy
106    @ar
200 1  @a中国兰花名品榜@AZhong Guo Lan Hua Ming Pin Bang@e中国兰花博览会获奖精品珍藏本@EZhong Guo Lan Hua Bo Lan Hui Huo Jiang Jing Pin Zhen Cang Ben@e第13届@EDi 13 Jie@f中国花卉协会兰花分会,云南科技出版社合编@FZhong Guo Hua Hui Xie Hui Lan Hua Fen Hui, Yun Nan Ke Ji Chu Ban She He Bian
210    @a昆明@c云南科技出版社@d2003.3
215    @a135页@c彩图@d29cm
330    @a本书展示了180多种兰花名品,使读者领略了传统名兰的神韵,欣赏了滇兰的奇、特、精。
517 1  @a中国兰花博览会获奖精品珍藏本@AZhong Guo Lan Hua Bo Lan Hui Huo Jiang Jing Pin Zhen Cang Ben
606 0  @a兰科@y中国@j摄影集
606 0  @a兰科
690    @aS682.31@v5
711 0  @a中国花卉协会@AZhong Guo Hua Hui Xie Hui@b兰花分会@4编
711 0  @a云南科技出版社@AYun Nan Ke Ji Chu Ban She@4编
801    @aCN@bTANGWEI@c20130111
905    @b0830842-44@dS682.31@e230@f3
    
    中国兰花名品榜:中国兰花博览会获奖精品珍藏本:第13届/中国花卉协会兰花分会,云南科技出版社合编.-昆明:云南科技出版社,2003.3
    135页:彩图;29cm
    
    
    ISBN 7-5416-1775-X(精装):CNY88.00
    本书展示了180多种兰花名品,使读者领略了传统名兰的神韵,欣赏了滇兰的奇、特、精。
●
相关链接 在E读中查询图书 在五车中查询图书 在当当中查询图书 在豆瓣中查询图书


正题名:中国兰花名品榜     索取号:S682.31/230         预约/预借

序号 登录号 条形码 馆藏地/架位号 状态 备注
1 0830842   208308428   第一样本阅览室/ [索取号:S682.31/230] 在馆    
2 0830843   208308437   第三借阅区/ [索取号:S682.31/230] 在馆    
3 0830844   208308446   第三借阅区/ [索取号:S682.31/230] 在馆    
唐山师范学院图书馆 欢迎您!
大连网信软件有限公司© 版权所有